000 00454pab a2200181 454500
008 180718b2009 xxu||||| |||| 00| 0 eng d
100 _aTiwari, Shailender Kumar
245 _aSocial justice: Gandhi and Ambedkar
260 _c2009
300 _ap.429-39.
362 _aApr-Jun
650 _aAmbedkar, B.R.
650 _aGandhi, M.K.
650 _aSocial justice
773 _aIndian Journal of Political Science
908 _aN
909 _a84146
999 _c84146
_d84146